000 00434nam a2200157 i 4500
001 76895
003 ES-MaACL
007 t|
008 041005s1974 sp ||||1| spa d
100 1 _aGuri Villar, Alberto.
_960977
245 1 0 _aHistoria del arte y de la cultura /
_cAlberto Guri Villar.
250 _a3ª ed.
260 _aLeón :
_bEverest,
_c1974.
300 _a223 p. :
_bil. ;
_c21 cm.
852 _aES-MaACL
_jE-6324
_bR.90734
999 _c76895
_d76895